| 000 | 01484nam a2200301 i 4500 | ||
|---|---|---|---|
| 003 | EG-GICUC | ||
| 005 | 20260121101327.0 | ||
| 008 | 251120s1988 ua ||||fr|||| 00| 0 ara d | ||
| 040 |
_a EG-GICUC _bara _c EG-GICUC _d EG-GICUC _erda |
||
| 041 | _aara | ||
| 082 | 0 | 4 |
_221 _a345 _bم ص . و |
| 092 | 0 | 4 | _221 |
| 099 | _aLaw1 07 345 م ص . و 4 ed- 1986 | ||
| 100 | 0 |
_aمصطفي محمود عفيفي _eمؤلف. |
|
| 245 |
_aالوسيط في مبادئ القانون الإداري المصري و المقارن. _nالكتاب الثاني : _bدارسة نظرية و تطبيقية مقارنة في تنظيم و نشاط الإدارة العامة / _cدكتور مصطفي محمود عفيفي . |
||
| 250 | _aالطبعة الاولي | ||
| 264 |
_a[مكان النشر غير محدد] : _b[الناشر غير محدد]، _c1988. |
||
| 300 |
_a613 ؛ صفحة _c24 سم |
||
| 336 |
_2rda content _atext |
||
| 337 |
_2rda media _aComputer |
||
| 338 |
_2rda carrier _aOnline Resource |
||
| 505 | _aنشاط واساليب ووسائل الإدارة العامة الضبط الإداري - المرفق العام - القرار الإداري - العقود الإدارية - الموظفون العموميون - الأموال العامة | ||
| 546 | _aالنص باللغة العربية | ||
| 650 | 1 | _aالقانون الإداري | |
| 856 | 4 | 0 | _uhttps://fll.law.cu.edu.eg/fulltext/bks/B07-00549.pdf |
| 905 |
_a30 _eHassnaa |
||
| 942 |
_2ddc _n0 _cBK _e21 |
||
| 999 |
_c45018 _d45018 |
||